Département Ain - Statistiques

Statistiques générales
  • Ce quiz a été pris 104 fois
  • Le résultat moyen est 10 sur 20
Statistiques - réponses
Indices Réponses % Correct
Quel numéro de département porte l'Ain ? 01
100%
Quel est le chef-lieu départemental ? Bourg-en-Bresse
99%
Avec quel pays européen le département de l'Ain partage-t-il une frontière ? Suisse
84%
Quelle est la deuxième ville la plus peuplée ? Oyonnax
72%
Quel écrivain et philosophe français y posséda un château aujourd'hui classé au titre des monuments historiques ? Voltaire
65%
Quel chanteur, ancien membre du groupe Téléphone, est né en 1955 à Nantua ? Jean-Louis Aubert
62%
Avec l'Ain et le Jura, sur quel autre département s'étend le parc naturel régional du Haut-Jura ? Doubs
61%
Quelle région morainique et couverte d'innombrables étangs d'origine humaine est reconnue dans le milieu de la raniculture ? Dombes
57%
Quel parc ornithologique ouvert en 1970 abrite plus de 3 000 espèces animales ? Parc des oiseaux
53%
Quel village est connu pour son caractère médiéval préservé et était jadis connue pour ses nombreux tisserands ? Pérouges
49%
Quel monastère royal fut construit à partir de 1506 et grandement financé par Marguerite d'Autriche ? Monastère royal de Brou
48%
Quel grand chef tient un restaurant étoilé à Vonnas, où était installé sa famille depuis 1872 ? Georges Blanc
46%
Dans quel village le couple Zlatin a-t-il hébergé de nombreux enfants juifs, arrêtés par Klaus Barbie lors de la rafle du 6 avril 1944 ? Izieu
38%
Quelles grottes pouvant être visitées abritent un site archéologique du Magdalénien et on servi de 1933 à 1959 à l'affinage du bleu de Gex ? Grottes du Cerdon
32%
En quelle année est créé le département ? 1790
29%
Quel ouvrage militaire fortifié construit dès le XVIe siècle, contrôlant autrefois le défilé de l'Écluse, compte parmi les sites les plus visités de l'Ain ? Fort l'Écluse
27%
Quel est le sommet culminant de l'Ain, situé dans le massif du Jura et perché à 1 720 mètres ? Crêt de la Neige
25%
Dans quel vignoble sont produits les vins AOC Cerdon et Montagnieu ? Bugey
16%
Quel était le patronyme du Curé d'Ars, béatifié par l'Église en 1905 et déclaré « patron de tous les curés de l'univers » en 1929 ? Jean-Marie Vianney
14%
En héraldique, comment se nomme la croix apparaissant sur les armoiries du département ? Croix tréflée
5%
Aucun quiz correspondant
Distribution des résultats
% des personnes avec chaque résultat
Percentile par nombre de réponses
Votre historique - résultats
Vous n’avez pas pris ce quiz